000 00421nam a2200157Ia 4500
008 210716s2011 xx 000 0 und d
020 _a8172242700
041 _aeng
082 _a658.406 BLAR
100 _aBlake, Robert R; Mouton, Jane S.
245 _aNew managerial grid.
250 _a1
260 _aNew Delhi
_bJaico Publishing House
_c2011
300 _aix,374
650 _aOrganizational Development & Change
999 _c208665
_d208665